| Tag |
First Indicator |
Second Indicator |
Subfields |
| LEADER |
00000cam a2200000 a 4500 |
| 001 |
in00001054321 |
| 005 |
20150929084845.0 |
| 008 |
850403s1972 fr 000 1 eng d |
| 035 |
|
|
|a (OCoLC)11882312
|
| 035 |
|
|
|9 AFK7722AM
|
| 040 |
|
|
|a ICA
|c ICA
|d m/c
|d TXA
|d UtOrBLW
|
| 049 |
|
|
|a TXAM
|
| 090 |
|
|
|a PQ2504
|b .A1 1972
|
| 092 |
|
|
|a 843.89
|b Zo-g
|
| 100 |
1 |
|
|a Zola, Émile,
|d 1840-1902.
|
| 245 |
1 |
0 |
|a Germinal /
|c Émile Zola.
|
| 264 |
|
1 |
|a [Paris] :
|b Fasquelle,
|c 1972.
|
| 300 |
|
|
|a 503 pages ;
|c 17 cm.
|
| 336 |
|
|
|a text
|b txt
|2 rdacontent
|
| 337 |
|
|
|a unmediated
|b n
|2 rdamedia
|
| 338 |
|
|
|a volume
|b nc
|2 rdacarrier
|
| 490 |
0 |
|
|a Le livre de poche; 145. Texte intbegral
|
| 490 |
1 |
|
|a His Les Rougon-Macquart;
|v 13
|
| 700 |
1 |
|
|a Ellis, Havelock,
|d 1859-1939.
|
| 800 |
1 |
|
|a Zola, Emile,
|d 1840-1902.
|t Rougon-Macquart; histoire naturelle et sociale d'une famille sous le second empire.
|
| 999 |
|
|
|a MARS
|
| 999 |
f |
f |
|s 5b68a760-75ff-3d52-8dae-1977655cd52d
|i a28d57e5-3dad-347b-9021-4ae2d1f29dd6
|t 0
|
| 952 |
f |
f |
|p ric
|a Texas A&M University
|b Rellis Campus
|c Joint Library Facility
|d Remote Storage
|t 0
|e PQ2504 .A1 1972
|h Library of Congress classification
|i unmediated -- volume
|m A14816238985
|
| 998 |
f |
f |
|a PQ2504 .A1 1972
|t 0
|l Remote Storage
|